| 000 | 00000nam##2200000za#4500 |
| 001 | 9.641832 |
| 003 | CaOODSP |
| 005 | 20210624223416 |
| 007 | cr ||||||||||| |
| 008 | 150407|1997||||xxc|||||o f|0| 0 fre|d |
| 040 | |aCaOODSP|bfre |
| 043 | |an-cn--- |
| 086 | 1 |aRH64-40/1997F-PDF |
| 110 | 1 |aCanada.|bDéveloppement des ressources humaines Canada. |bPolitique stratégique. |
| 245 | 10|aEfficacité des programmes d'emploi destinés aux jeunes : |h[ressource électronique]|bétude bilan de l'expérience du passé - rapport final / |c[par] Évaluation et développement des données. |
| 260 | |aOttawa - Ontario : |bDéveloppement des ressources humaines Canada. |cJuin 1997. |
| 300 | |a32p. |
| 504 | |aBibliographie. |
| 590 | |a13-12-Supp|b2013-05-10 |
| 691 | 07|aJeunesse|2gcpds |
| 691 | 07|aProgramme d'emploi|2gcpds |
| 775 | 08|tEffectiveness of employment-related programs for youth : |w(CaOODSP)9.697830 |
| 856 | 40|ahttp://publications.gc.ca|qPDF|s69 Ko|uhttps://publications.gc.ca/collections/collection_2013/rhdcc-hrsdc/RH64-40-1997-fra.pdf |
| 986 | |aSP-AH027F-06-97 |